000 00851cam a2200289 4500
001 J3268
008 090401t1995 xxu||||| |||| 00| 0 eng d
035 _a(Sirsi) u53994
041 _aeng
050 _a306.6
100 _aO`Dell, Alan
245 4 _aThe English house condition survey and the national housing stock. Part 2: the housing stock in 1991.
260 _aAscot, Berks.
_bChartered Institute of Building
_c1995
300 _a12p. ; 30cm.
350 _a0
490 _aConstruction Papers
_v53
650 _aCONDITION SURVEYS
650 _aENGLISH HOUSE CONDITION SURVEY
650 _aHOUSING STANDARDS
650 _aHOUSING STOCK
650 _aRESIDENTIAL PROPERTY
_96266
690 _aHOUSING
700 _aHarlow, Peter
_xEditor
710 _aChartered Institute of Building
_92134
942 _n0
948 _c04/03/1997
999 _c93384
_d93384